Maloobchod v triangli
Slovenský obchod má najvyššie ceny potravín a najnižšiu priemernú mzdu v krajinách strednej Európy. Projekt prihraničnej spolupráce malého a stredného podnikania v Česku, Rakúsku a na Slovensku. Porovnanie cien kontrolného nákupu v rakúskej, českej a slovenskej predajni v prihraničnej oblasti.
Salvato in:
| Natura: | Capitolo di libro |
|---|---|
| Lingua: | slovacco |
| Soggetti: | |
| Tags: |
Nessun Tag, puoi essere il primo ad aggiungerne!!
|
MARC
| LEADER | 00000naa a2200000 4500 | ||
|---|---|---|---|
| 001 | r036921 | ||
| 005 | 20230727095713.9 | ||
| 041 | 0 | |a slo | |
| 044 | |a CZ | ||
| 245 | 1 | 0 | |a Maloobchod v triangli |
| 520 | |a Slovenský obchod má najvyššie ceny potravín a najnižšiu priemernú mzdu v krajinách strednej Európy. Projekt prihraničnej spolupráce malého a stredného podnikania v Česku, Rakúsku a na Slovensku. Porovnanie cien kontrolného nákupu v rakúskej, českej a slovenskej predajni v prihraničnej oblasti. | ||
| 610 | 2 | 0 | |a maloobchod |
| 610 | 2 | 0 | |a ceny maloobchodné |
| 610 | 2 | 0 | |a porovnanie cenové |
| 610 | 2 | 0 | |a podnikanie malé |
| 610 | 2 | 0 | |a podnikanie stredné |
| 610 | 2 | 0 | |a Slovensko |
| 610 | 2 | 0 | |a Česko |
| 610 | 2 | 0 | |a Rakúsko |